[Event "67th RUS-ch Superfinal Women 2017"]
[Site "St. Petersburg"]
[Date "2017.12.04"]
[Round "2"]
[White "Kashlinskaya, Alina"]
[Black "Gritsayeva, Oksana"]
[Result "1-0"]
[WhiteElo "2452"]
[BlackElo "2373"]
[Annotator "TA"]
[PlyCount "131"]
[EventDate "2017.??.??"]
[EventType "tourn"]
[EventCountry "RUS"]
[SourceTitle "playchess.com"]
[Source "ChessBase"]
[SourceQuality "1"]

{[%evp 17,131,15,19,15,20,39,33,0,-4,-35,-5,-65,-75,-79,-70,-142,-129,-129,-144,-136,-84,-77,-85,-93,-75,-98,-100,-235,-94,-94,-61,-90,-89,-140,-143,-145,-32,-38,-36,-19,-11,-218,-255,-207,-178,-448,-217,-227,-217,-218,-185,-222,-222,-219,-231,-499,-491,-668,-292,-270,-258,-274,-181,-181,-135,-143,-133,-119,-123,-189,-164,-186,-89,-89,-87,-137,-102,-102,0,-36,-36,-57,-48,-72,0,0,0,0,0,0,0,0,0,-8,0,0,0,0,101,0,338,332,409,360,393,144,141,143,659,575,586,609,1658,1744,1599,1541]} 1. d4 d6 2. Nf3 g6 3. e4 Bg7 4. Nc3 a6 5. Be3 b5 6. Bd3 Bb7 7. Qd2 {B06: Modern Defence} (7. e5 Nd7 8. e6 fxe6 9. Ng5 Nf8 10. O-O Nf6 11. f3 Nd5 12. Nxd5 exd5 13. Qe2 Qd7 14. f4 Ne6 15. Nxe6 Qxe6 {0-1 (35) Najer,E (2658)-Malakhov,V (2694) Moscow 2015}) 7... Nd7 8. a4 b4 9. Ne2 Ngf6 {LiveBook: 9 Games} 10. e5 Ng4 {[%cal Rd6e5]} 11. e6 $1 {[%cal Re6d7]} fxe6 12. Nf4 (12. Ng5 $5 {[%cal Rg5e6]} Bf6 13. O-O $11 (13. Nxe6 Qc8 $11)) 12... Nf8 {Threatens to win with ...e5.} 13. Ng5 Bf6 $146 ({Predecessor:} 13... Bc8 14. Qxb4 {0-1 (66) Lederer,Y (2283)-Chernomordik,P (2260) Israel 2002}) 14. Ngxe6 (14. Qxb4 $11 Qb8 15. Ne4) 14... Nxe6 $15 15. Nxe6 Qd7 16. Bc4 ({Better is} 16. d5 $1 $15) 16... Bxg2 $17 17. Rg1 Nxh2 {And now ...Nf3+ would win.} 18. O-O-O Nf3 (18... Bh3 $142 19. Ng5 d5) 19. Qxb4 Nxg1 20. Rxg1 Be4 21. Qa5 Rc8 22. Qxa6 (22. Re1 $17) 22... c6 (22... Ra8 $19 23. Qb5 Bc6) 23. Re1 Bd5 24. Bh6 $1 Kf7 25. Bxd5 (25. Bb3 $142) 25... cxd5 26. b3 Qc6 (26... Rc3 $1 $17 {Hoping for ...Qc8.} 27. Qa5 Qc6) 27. Qe2 $1 $15 Qc3 {Strongly threatening ...Qxb3.} 28. Kb1 Qh3 29. Ng5+ $2 (29. Bg7 $1 $11 Rhe8 30. Bxf6 Kxf6 31. f3) 29... Bxg5 $1 $19 30. Bxg5 Rhe8 31. f4 $2 (31. Qd2) 31... Qf5 (31... h6 $142 32. Bxh6 Qxh6) 32. Kb2 Rc7 33. Qh2 h5 34. Re2 Rec8 35. Qg2 e6 36. a5 $2 (36. Bh4) 36... Ra7 37. b4 Rc4 (37... Rb7 $142 38. Ka3 Rc4) 38. c3 Qd3 $1 {[%cal Rd3c3]} 39. Rc2 {White hopes to continue with f5!} Rb7 {( -> ...Rxc3!)} 40. Qd2 Qe4 41. Rc1 Rc8 42. Re1 Qf5 43. Ra1 (43. Rg1 $17 {was worth a try.}) 43... Qh3 44. Re1 Rbc7 (44... h4 $19 {and Black stays clearly on top.} 45. Re3 Qg4) 45. Re3 $17 Qf1 46. Rg3 Rb8 {White must now prevent ...Ra7.} 47. Bh4 Rc4 (47... Qh1 $17 48. Qd3 Rg8) 48. Qd3 (48. f5 $5 Qxf5 49. Qh6 $17) 48... Qxd3 49. Rxd3 $15 {[%mdl 4096] Endgame KRR-KRB} Rg8 50. Re3 $1 {[#]} Rb8 (50... e5 $1 $17 {aiming for ...g5.} 51. fxe5 (51. dxe5 dxe5) 51... g5 52. e6+ Ke7) 51. Kb3 Rc6 52. Ka4 Rb7 53. Kb3 Rb8 54. Re2 Rbc8 55. Re3 Rb8 56. Ka4 Rbc8 57. Kb5 R6c7 (57... Rxc3 $11 58. Rxc3 Rxc3) 58. a6 $16 {[%cal Ba5a6,Ba6a7][%mdl 1056] White has strong compensation.} Rb8+ $2 {[%mdl 8192]} (58... Rxc3 $11 {and Black stays safe.} 59. Rxc3 Rxc3) 59. Ka5 $18 Rc6 60. Be1 Ke7 61. Re2 Kd7 62. b5 {[%cal Bb4b5,Bb5b6][%mdl 32]} Rcc8 $2 {[%mdl 8192]} (62... Rcb6 $16 63. a7 Rxb5+ 64. Ka4 {[#]} Ra8 $1 {[%mdl 512]} 65. Kxb5 Rxa7) 63. a7 {White is clearly winning.} Rb7 64. Ka6 Rbc7 65. b6 Rc4 66. Kb5 {Precision: White = 51%, Black = 42%.} 1-0

[Event "67th RUS-ch Superfinal Women 2017"]
[Site "St. Petersburg"]
[Date "2017.12.04"]
[Round "2"]
[White "Kovalevskaya, Ekaterina"]
[Black "Gunina, Valentina"]
[Result "0-1"]
[WhiteElo "2405"]
[BlackElo "2510"]
[Annotator "TA"]
[PlyCount "104"]
[EventDate "2017.??.??"]
[EventType "tourn"]
[EventCountry "RUS"]
[SourceTitle "playchess.com"]
[Source "ChessBase"]
[SourceQuality "1"]

{[%evp 21,104,12,14,10,28,3,22,13,8,10,11,15,30,35,29,27,27,25,36,19,19,13,19,19,11,0,0,0,0,-35,-30,-96,141,150,121,-71,-68,-72,-60,-161,-133,-125,93,0,124,131,111,-41,-53,-128,-155,-140,-81,-81,171,13,11,13,13,13,0,-166,-190,-355,-368,-408,-409,-417,-397,-395,-398,-391,-272,-1510,-1081,-1039,-1000,-29947,-29955,-6307,-6313,-6103,-6079,-2407,-2164]} 1. e4 c6 2. d4 d5 3. Nc3 dxe4 4. Nxe4 Bf5 5. Ng3 Bg6 6. Nf3 Nd7 7. Bd3 Bxd3 8. Qxd3 e6 9. O-O Ngf6 10. Bf4 Be7 11. c4 O-O {LiveBook: 6 Games. B18: Classical Caro-Kann: 4...Bf5 sidelines} 12. Rad1 (12. Rfd1 Qb6 13. Qc2 Rfe8 14. Ne5 Rad8 15. h3 Nf8 16. Rd3 c5 17. Rb3 Qa6 18. Ra3 Qb6 19. Rb3 Qa6 20. Ra3 Qb6 {½-½ (20) Mamedov,R (2655)-Radjabov,T (2726) Shamkir 2016}) 12... a5 13. Qc2 $146 ({Predecessor:} 13. Rfe1 a4 14. a3 Qa5 15. Ne4 Nxe4 16. Rxe4 Nf6 17. Re5 Qb6 18. Re2 Rfd8 19. Qc2 {0-1 (48) Jimenez Mendoza,J (1758)-Rocandio Sanchez,R (1988) Las Palmas 2012}) 13... a4 {The position is equal.} 14. a3 Qa5 15. Rfe1 Rfd8 16. Nf5 Bf8 17. Nd6 Ra7 18. Qe2 {Threatens to win with Nxf7!} Qh5 19. h3 h6 20. Rd3 b5 21. c5 Nd5 22. Bh2 Bxd6 23. Bxd6 Rb7 24. g4 Qg6 (24... Qxh3 $6 25. Ne5 $16) 25. Nh4 Qh7 26. f4 {[#]} (26. Rf3 $11 {keeps the balance.}) 26... N7b6 $2 (26... Nxc5 $1 $17 {[%mdl 512] and life is bright.} 27. dxc5 Nxf4 28. Bxf4 Qxd3) 27. f5 $16 Nc4 28. Bg3 $2 (28. Rf3 $1 $16 {is necessary to keep the advantage.}) 28... Re7 $17 {...exf5 is the strong threat.} 29. Qf2 h5 30. Rf3 (30. Bd6 $15 Nxd6 31. cxd6 Rxd6 32. Qg3) 30... hxg4 $19 31. hxg4 Nf6 $2 {[#]} (31... exf5 $17 32. Rxe7 Nxe7) 32. Rf4 (32. Bd6 $1 $16 {[%cal Rd6e7][%mdl 512]} Nxd6 33. cxd6 Rxd6 34. Rh3) 32... Rde8 (32... Nd5 $11 33. Rfe4 Qh6) 33. g5 $16 Nd5 {And now ...Qh5 would win.} 34. g6 $2 ({Only move:} 34. Rfe4 $1 $16) 34... Qh5 $15 35. fxe6 ({White should play} 35. Rfe4 $15) 35... fxg6 $17 36. Rfe4 Nf6 (36... Rf8 $142 37. Qe2 Rf6) 37. R4e2 Rf8 $2 {[%mdl 8192]} (37... Rd8 $1 $17 {stays on course.}) 38. Qf3 $2 (38. Bd6 $1 $18 {[%cal Rd6e7]} Nd5 39. Qg3) 38... Ng4 $11 39. Qe4 Rf6 $1 40. Qxc6 {Hoping for d5.} g5 $36 {[%mdl 2048] Black has the initiative.} 41. Nf3 $2 {[#]} (41. Bd6 $11 Re8 42. Nf3 (42. Qxb5 Nce3 $15)) 41... Qh3 $1 $19 {White must now prevent ...Nce3.} 42. Rg2 $2 {[#]} (42. Qa8+ Rf8 43. Nxg5 Qxg3+ 44. Qg2) 42... Nce3 $1 {[%csl Ge3][%cal Rh3g2]} 43. Nxg5 Qh5 44. Bd6 Nxg2 45. Qxg2 Re8 46. Qd5 {[#] Strongly threatening e7+.} Ne3 $1 {[%mdl 512]} 47. Qe5 $2 {[#]} (47. Rxe3 Qd1+ 48. Kh2 Qd2+ 49. Kh3 Qxe3+ 50. Bg3) 47... Rexe6 $1 {[%mdl 512]} 48. Nxe6 (48. Qxe6+ Rxe6) 48... Rg6+ 49. Qg3 Rxg3+ 50. Bxg3 Qf3 {[%csl Ge3][%cal Rf3g2] Black is clearly winning.} 51. Rxe3 Qxe3+ 52. Bf2 Qxe6 {Precision: White = 27%, Black = 49%.} 0-1

[Event "67th RUS-ch Superfinal Women 2017"]
[Site "St. Petersburg"]
[Date "2017.12.04"]
[Round "2"]
[White "Shuvalova, Polina"]
[Black "Bodnaruk, Anastasia"]
[Result "1/2-1/2"]
[WhiteElo "2385"]
[BlackElo "2428"]
[Annotator "TA"]
[PlyCount "124"]
[EventDate "2017.??.??"]
[EventType "tourn"]
[EventCountry "RUS"]
[SourceTitle "playchess.com"]
[Source "ChessBase"]
[SourceQuality "1"]

{[%evp 19,124,0,0,0,0,0,0,0,0,-2,-5,-166,-68,-59,-61,-59,-60,-148,-13,-48,-8,-12,0,-18,0,-103,0,0,0,0,0,0,0,0,0,-27,-41,-33,-22,-43,-34,-40,-33,-17,-20,-16,-41,-26,-29,-65,-64,-61,-55,-100,0,0,0,-42,0,0,0,0,0,0,-4,-8,-8,-8,-8,-64,-68,-46,-52,-58,-70,-68,-73,-71,-83,-157,-102,-109,-109,-127,0,0,0,0,0,0,0,0,0,0,0,0,0,0,0,0,0,0,0,0,0,0,0]} 1. d4 Nf6 2. c4 g6 3. Nc3 Bg7 4. e4 d6 5. Nf3 O-O 6. h3 e5 7. d5 Nh5 8. g3 {E90: King's Indian: Classical: Early deviations and 6 h3} (8. Be3 Na6 9. a3 c5 10. dxc6 bxc6 11. b4 f5 12. Qa4 c5 13. Rd1 Bb7 14. bxc5 f4 15. c6 fxe3 16. cxb7 exf2+ 17. Kd2 Nc5 18. bxa8=Q Qxa8 {0-1 (18) Kovalenko,I (2684)-Mamedov,R (2688) Tallinn 2016}) 8... a5 9. Be2 Na6 10. Bg5 f6 {LiveBook: 4 Games} 11. Bd2 f5 $1 12. exf5 gxf5 13. Qc2 Nb4 14. Qb3 $146 ({Predecessor:} 14. Qb1 Qe8 15. Ng5 e4 {½-½ (36) Kosarev,I (2231)-Zhukov,K (2243) Peterhof 2009}) 14... e4 15. Nh2 $2 (15. Ng5 $1 $11 Nd3+ 16. Bxd3 exd3 17. Ne6 Bxe6 18. dxe6) 15... Nf6 (15... f4 $1 $19 {[%cal Rf4g3]} 16. Bxh5 e3 17. fxe3 Qg5 18. gxf4 Nd3+ 19. Ke2 Nxf4+ $1 {[%mdl 512]} 20. exf4 Qg2+ 21. Ke1 (21. Kd3 $2 {gets mated.} Bf5+ 22. Ke3 Bd4+ 23. Kxd4 Qxd2#) 21... Qxh1+ 22. Nf1 Bxh3) 16. Be3 $15 Nd7 {[%cal Bf6d7,Bd7e5,Be5d3][%mdl 32]} 17. a3 Na6 18. O-O-O ({White should try} 18. Qc2 $15) 18... Nac5 (18... Ndc5 $1 $17 {[%cal Rc5b3]} 19. Qc2 a4) 19. Qc2 $11 Ne5 20. Kb1 Ned3 21. f4 Bd7 22. Nf1 {[#]} (22. g4 $11) 22... Bxc3 (22... Ba4 $1 $17 {[%mdl 512]} 23. Nxa4 Nxa4 24. Qxa4 Nxb2) 23. Qxc3 Na4 $1 {[%cal Ra4c3]} 24. Qd4 Naxb2 {White must now prevent ...c5.} 25. Rd2 Na4 26. g4 Qf6 27. gxf5 {And now Rg1+ would win.} (27. Qxf6 {is interesting.} Rxf6 28. Bd4 Rf7 29. gxf5 Bxf5 30. Ng3) 27... Nc3+ 28. Kc2 Nxe2 29. Rxe2 Qxd4 30. Bxd4 Bxf5 31. Ne3 Nxf4 {[#]} 32. Nxf5 $1 {[%mdl 512]} Rxf5 33. Rxe4 Ng6 34. Rg1 Raf8 35. Bc3 a4 36. Bd4 b5 (36... Rf4 $17 37. Rg4 Rxe4 38. Rxe4 Rf4 39. Rxf4 Nxf4) 37. Re7 {Rg7+ would kill now.} ({Much weaker is} 37. cxb5 Rxd5 38. Rb1 Rg5 $17) 37... R8f7 38. Re8+ Rf8 39. Re7 $1 {[%cal Re7g7] White wants to mate with Rg7+.} R5f7 40. Rxf7 Rxf7 41. cxb5 {[%mdl 4096] Endgame KRB-KRN} Rf5 42. Kc3 Rxd5 43. Kc4 Rh5 44. Rg3 (44. Kb4 $11) 44... Kf7 $15 45. Kb4 Rh4 46. Rg4 $1 {[%cal Rg4h4] With the idea Rxh4.} Rxh3 47. Kxa4 h5 48. Re4 h4 49. Re1 (49. Bf2 $142) 49... Rd3 (49... Rf3 $142 50. Kb4 Ne7) 50. Ba7 $17 {[#]} Ne7 $1 {[%cal Re7d5] ...Nd5 is the strong threat.} 51. Kb4 Nd5+ (51... h3 $17 {Strongly threatening ...h2.} 52. Rh1 Ke6) 52. Kc4 $11 {The position is equal.} Rxa3 {Hoping for ...Nf6.} 53. Kxd5 Rxa7 {KR-KR} 54. Kc6 Kf6 55. Rg1 Ke5 56. Rg4 Ra3 {Threatens to win with ...Rc3+.} 57. Kxc7 Rc3+ 58. Kd7 h3 59. b6 Rb3 60. Kc7 Rc3+ 61. Kd7 Rb3 62. Kc7 Rc3+ {Precision: White = 64%, Black = 65%.} 1/2-1/2

[Event "67th RUS-ch Superfinal Women 2017"]
[Site "St. Petersburg"]
[Date "2017.12.04"]
[Round "2"]
[White "Ovod, Evgenija"]
[Black "Galliamova, Alisa"]
[Result "1/2-1/2"]
[WhiteElo "2364"]
[BlackElo "2443"]
[Annotator "TA"]
[PlyCount "62"]
[EventDate "2017.??.??"]
[EventType "tourn"]
[EventCountry "RUS"]
[SourceTitle "playchess.com"]
[Source "ChessBase"]
[SourceQuality "1"]

{[%evp 15,62,1,29,15,27,12,8,10,5,0,32,30,49,12,12,20,47,0,0,0,0,3,32,54,36,49,56,53,63,58,63,0,0,0,0,0,93,0,0,0,0,0,0,0,0,0,0,0,0]} 1. e4 e5 2. Nf3 Nc6 3. d4 exd4 4. Nxd4 Nf6 5. Nc3 Bb4 6. Nxc6 bxc6 7. Bd3 O-O 8. O-O Qe7 {LiveBook: 3 Games. C47: Scotch Four Knights and Four Knights with 4 g3} (8... Re8 9. Bg5 h6 10. Bh4 Rb8 11. f4 Be7 12. b3 d6 13. Qf3 Nd7 14. Bxe7 Qxe7 15. Rae1 Nc5 16. e5 Qd8 17. exd6 cxd6 18. Rxe8+ Qxe8 {0-1 (55) Hou,Y (2652)-Aronian,L (2799) Tbilisi 2017}) 9. Qf3 Qe6 10. h3 $146 ({Predecessor:} 10. Bf4 Bb7 11. e5 Nd5 12. Nxd5 cxd5 13. c3 Be7 14. Rae1 Rab8 15. Qg3 a5 16. Rd1 {1-0 (30) Leib,B (2095)-Hesse,J Bad Ragaz 1994}) 10... Bxc3 11. bxc3 d6 12. Bd2 Bb7 13. Rab1 Rab8 14. c4 Nd7 15. Bc3 Ba6 16. Qe2 Rxb1 17. Rxb1 Nb6 18. Rb3 Ra8 19. c5 Bxd3 20. Qxd3 dxc5 21. Qg3 {[%csl Gc3][%cal Rg3g7] [#]} g6 $1 22. Qxc7 {Black must now prevent f3.} Qxe4 23. Bb2 (23. Qd6 $1 $14 Qf5 24. Qxc6) 23... Rf8 $11 ({Not} 23... Qxc2 $2 24. Qe5 $18) 24. Qxa7 $40 {[%mdl 128] Black needs to defend precisely.} Nc4 25. Qxc5 {aiming for Bc3.} Qe1+ $1 26. Kh2 Nd2 {The position is equal.} 27. Qd4 {[%csl Gb2][%cal Rd4h8] [#]} Nf1+ 28. Kg1 {[%csl Gb2][%cal Rd4h8]} Ne3+ 29. Kh2 {[%csl Gb2][%cal Rd4h8]} Nf1+ 30. Kg1 {[%csl Gb2][%cal Rd4h8]} Ne3+ 31. Kh2 {[%csl Gb2][%cal Rd4h8]} Nf1+ {Precision: White = 47%, Black = 63%.} 1/2-1/2

[Event "67th RUS-ch Superfinal Women 2017"]
[Site "St. Petersburg"]
[Date "2017.12.05"]
[Round "3"]
[White "Gunina, Valentina"]
[Black "Ovod, Evgenija"]
[Result "1-0"]
[WhiteElo "2510"]
[BlackElo "2364"]
[Annotator "TA"]
[PlyCount "63"]
[EventDate "2017.??.??"]
[EventType "tourn"]
[EventCountry "RUS"]
[SourceTitle "playchess.com"]
[Source "ChessBase"]
[SourceQuality "1"]

{[%evp 26,63,32,18,25,22,59,18,15,22,23,21,28,23,29,16,35,-25,-11,-115,-117,-115,-116,-139,-67,-67,72,68,431,-138,438,431,421,421,414,408,29987,29988,29995,29996]} 1. e4 e5 2. Nf3 Nc6 3. Bc4 Bc5 4. c3 Nf6 5. d4 exd4 6. e5 d5 7. Bb5 Ne4 8. cxd4 Bb6 9. Nc3 O-O 10. Be3 {C54: Italienische Partie (Hauptvariante)} Ne7 (10... Bg4 11. h3 Bh5 12. Qc2 Bg6 13. Qb3 Ne7 14. O-O c6 15. Bd3 Ng3 16. Rfd1 Bxd3 17. Rxd3 Ngf5 {½-½ (65) Naiditsch,A (2702)-Kramnik,V (2794) Antalya 2017}) 11. Bd3 Bf5 12. O-O Nxc3 13. bxc3 Qd7 14. Nh4 {LiveBook: 4 Partien} Bxd3 15. Qxd3 f5 16. exf6 Rxf6 17. Bg5 Rf7 $146 ({Vorgänger:} 17... Re6 18. Bxe7 Qxe7 {½-½ (50) Okhotnik,V (2454)-Kramer,J (2354) Bargteheide 2016}) 18. Rae1 c6 19. Re2 Raf8 20. Rfe1 {[%cal Rg5e7]} Nc8 21. h3 (21. Nf3 $14) 21... Bc7 $11 22. Re6 (22. Bc1 $11 {hält das Gleichgewicht.}) 22... Rxf2 $17 23. Nf3 Bg3 24. Nd2 {[#]} Rxd2 $1 {[%mdl 512]} 25. Qxg3 $15 (25. Qxd2 Nd6) 25... Rxa2 (25... Rd1 $1 $15 {behält die Oberhand.} 26. R6e5 Rxe1+ 27. Qxe1 h6) 26. Rf6 $1 $16 Re8 $2 {[%mdl 8192]} (26... a5 $1 $14) 27. Rxe8+ $1 $18 Qxe8 28. Bh6 $1 {[%csl Gh6][%cal Rg3g7]} Qd7 {Und ...Te2 würde nun gewinnen.} 29. Rf4 $1 {[%cal Rf4g4] zielt auf Tg4 ab.} Nd6 {[#] Droht ...Se4 und aus.} 30. Bxg7 $1 {[%csl Gg7][%cal Rf4f8][%mdl 512]} Nf5 (30... Qxg7 $18 31. Rg4 {[#]} Qxg4 $1 {[%mdl 512]} 32. Qxg4+ (32. hxg4 Ne4 $18) 32... Kf8) 31. Bh6+ $1 Kh8 {[#]} 32. Rxf5 $1 {[%mdl 512] Precision: Weiß = 65%, Schwarz = 36%.} 1-0

[Event "67th RUS-ch Superfinal Women 2017"]
[Site "St. Petersburg"]
[Date "2017.12.05"]
[Round "3"]
[White "Girya, Olga"]
[Black "Pogonina, Natalija"]
[Result "1/2-1/2"]
[WhiteElo "2484"]
[BlackElo "2469"]
[Annotator "TA"]
[PlyCount "99"]
[EventDate "2017.??.??"]
[EventType "tourn"]
[EventCountry "RUS"]
[SourceTitle "playchess.com"]
[Source "ChessBase"]
[SourceQuality "1"]

{[%evp 15,99,33,33,33,35,37,38,47,64,65,65,54,65,64,64,47,41,48,68,66,67,68,77,78,78,65,50,57,54,22,41,35,45,15,35,10,22,35,68,69,69,69,53,0,0,-8,29,34,31,43,33,44,27,0,8,8,8,0,0,-2,-2,-2,-2,-2,-2,-2,0,-6,0,0,8,0,0,0,0,0,0,0,0,0,12,0,0,0,12,0]} 1. d4 Nf6 2. c4 e6 3. Nf3 d5 4. Nc3 Nbd7 5. Bf4 Bd6 6. Bxd6 {D37: Queen's Gambit Declined: 5 Bf4} cxd6 7. cxd5 Nxd5 8. Nxd5 (8. e4 Nxc3 9. bxc3 O-O 10. Bd3 Qa5 11. Qd2 e5 12. O-O Nf6 13. Rab1 {½-½ (89) Girya,O (2505)-Pogonina,N (2466) Monaco 2017}) 8... exd5 {LiveBook: 3 Games} 9. e3 O-O 10. Bd3 Nf6 11. Nd2 Qb6 12. Qb3 Qa5 13. a3 $146 {[%cal Ba2a3,Ba3a4][%mdl 32]} ({Predecessor:} 13. Qb5) 13... Bd7 14. Qb4 Qc7 15. O-O a5 16. Qb3 Rfc8 17. a4 Be6 18. Nb1 Qd7 19. Nc3 Ne4 {With the idea ...Nd2.} 20. Bxe4 dxe4 21. d5 Bf5 22. Rad1 h5 23. Rd4 Qe7 24. Qb5 h4 25. h3 Rc5 26. Qe2 Re8 27. f3 exf3 28. Rxf3 Bh7 29. Qf2 (29. Qe1 $1 $14) 29... g5 $11 30. g3 {[%cal Rg3h4]} hxg3 (30... Rxc3 $5 31. bxc3 Be4 $15) 31. Rxg3 Kh8 32. Rdg4 Rg8 {[#]} 33. h4 $1 {[%mdl 512]} gxh4 34. Rxg8+ Bxg8 {The position is equal.} 35. Rg4 Bh7 36. Rxh4 Qg5+ 37. Kh1 Kg7 38. Qf4 Qxf4 39. Rxf4 {[%mdl 4096] Endgame KRB-KRN} Bd3 40. Rd4 Bc4 41. Kg2 f5 42. Kf3 Bb3 43. Kf4 Kg6 44. Nb5 Bxd5 45. Nc3 Bc6 46. Rxd6+ Kf7 47. Rh6 Bd7 48. Rd6 Bc6 49. Rh6 Bd7 50. Rd6 {Precision: White = 57%, Black = 69%.} 1/2-1/2

[Event "67th RUS-ch Superfinal Women 2017"]
[Site "St. Petersburg"]
[Date "2017.12.05"]
[Round "3"]
[White "Galliamova, Alisa"]
[Black "Shuvalova, Polina"]
[Result "0-1"]
[WhiteElo "2443"]
[BlackElo "2385"]
[Annotator "TA RC"]
[PlyCount "116"]
[EventDate "2017.??.??"]
[EventType "tourn"]
[EventCountry "RUS"]
[SourceTitle "playchess.com"]
[Source "ChessBase"]
[SourceQuality "1"]

{[%evp 17,116,21,32,19,19,12,62,29,41,11,0,0,64,46,48,12,22,0,0,0,12,0,14,6,25,-10,-11,-19,-31,-38,0,0,0,0,0,0,0,-45,-41,-54,-59,-98,-98,-119,-27,-132,-132,-722,-722,-714,-681,-662,-636,-587,0,0,0,0,0,-24,-40,-42,-46,-191,-172,-404,-388,-350,-119,-1207,-1158,-130,-150,-4773,-2512,-1467,-440,-12829,-11460,-12838,-24,-1774,0,-12837,-45,-21,0,-12837,-12837,-2112,-12839,-12839,-12839,-12840,-12840,-12840,-12838,-12837,-12834,-12837,-12837]} 1. c4 Nf6 2. Nc3 e5 3. Nf3 Nc6 {[%cal Bb8c6,Bc6d4,Bd4e2][%mdl 32]} 4. e4 d6 5. d4 Bg4 6. d5 Nd4 7. Be2 {A28: English Opening: Four Knights Variation} Nxe2 8. Qxe2 g6 9. h3 Bd7 {LiveBook: 4 Games} 10. Bg5 h6 $146 ({Predecessor:} 10... Bg7 11. O-O-O a6 12. a3 Qe7 13. Kb1 h6 14. Be3 c5 {1-0 (58) Gajewski,G (2648)-Socko,B (2623) Poznan 2015}) 11. Be3 b6 12. Qd2 Bg7 13. O-O a5 14. Nh2 a4 (14... Nh5 $11) 15. b4 Nh5 16. Rac1 f5 {Threatens to win with ...f4.} 17. exf5 gxf5 18. Qd1 Nf6 $1 19. f4 exf4 20. Bxf4 {White wants to play Qd2.} O-O $1 21. Qf3 Qe8 22. Rfe1 Qg6 23. Nf1 {[%cal Bh2f1,Bf1g3,Bg3h5][%mdl 32]} Nh5 24. Ne2 Rae8 25. Nfg3 Nxf4 26. Nxf4 Qg5 27. Ngh5 Re4 28. Ne6 ({Wrong is} 28. Nxg7 $2 Rxf4 29. Ne6 Bxe6 $19) 28... Bxe6 29. dxe6 Be5 30. Rcd1 Rh4 (30... Qg6 $17 31. Kh1 Re8) 31. Rxe5 (31. e7 $11 Qxe7 32. Nf4) 31... dxe5 $17 32. Rd7 $2 {[%mdl 8192]} (32. e7 $17 Qxe7 33. Qc6) 32... Rxh5 $19 33. e7 Re8 34. Qd5+ Kg7 $1 35. Rd8 Qxe7 $2 ({Black should play} 35... c6 $19 36. Qxe5+ Kf7 37. Rxe8 Kxe8) 36. Rd7 $36 {[%mdl 2048] White fights for an advantage.} Kf8 37. Rxe7 Rxe7 {[%mdl 4096] Endgame KQ-KRR} 38. Qf3 Rg5 39. h4 e4 {[%cal Be5e4,Be4e3,Be3e2][%mdl 32]} 40. Qf4 (40. Qc3 $15 Rg6 41. h5) 40... Rg6 $1 $19 {...e3 is the strong threat.} 41. Qxf5+ $2 (41. Qe3) 41... Kg7 {Hoping for ...e3.} 42. h5 Rg5 $2 (42... Rf6 $19 {is more deadly.} 43. Qg4+ Kf7) 43. Qh3 $2 {[%mdl 8192]} (43. Qf2 $17) 43... e3 44. Kf1 b5 $1 45. Qh4 $2 (45. Ke2 $17) 45... e2+ 46. Ke1 bxc4 (46... Ree5 $142 47. g4 bxc4) 47. Qd4+ (47. Qxc4 $142 Rxh5 48. Qg4+ Rg5 49. Qd4+ Rge5 50. a3) 47... Rge5 48. b5 Kf8 $2 (48... Kh7 $19 49. Qg4 R5e6 50. Qxc4 Rd6 51. Qc2+ Kh8 52. Qc3+ Kg8 53. Qc4+ Kf8 54. Qf4+ Ke8 55. Qxa4 Rd1+ 56. Qxd1 exd1=N+ 57. Kxd1 Re4) 49. Qf4+ $2 {[%mdl 8192]} (49. b6 $11 cxb6 50. Qxb6) 49... Kg7 $2 (49... Ke8 $19 50. Qxh6 R5e6 51. Qh8+ Kd7 52. Qd4+ Rd6 53. Qg4+ Ree6 54. Qg7+ Kc8 55. Qh8+ Kb7) 50. Qg4+ $2 {[%mdl 8192] [#]} (50. Qd4 $11) 50... Rg5 $2 (50... Kh8 $1 $19 {( -> ...Rd5)} 51. Qd4 Kh7 52. Qxc4 Rxh5 53. Qd3+ Kg7 54. Qd4+ Kf7 55. Qc4+ Kf8 56. Qxe2 Rxe2+ 57. Kxe2 Rxb5) 51. Qd4+ $15 Rge5 $2 {[%mdl 8192]} (51... Kf7 $11 52. Qxc4+ Kf8) 52. Qg4+ $1 $19 {[#]} Kh8 $1 {Black is clearly winning.} 53. Qd4 Kh7 $1 {[%csl LRb5,LRh5]} 54. Qg4 R5e6 55. Qf5+ Kg7 56. Qg4+ Kf8 57. Qf5+ Ke8 58. g4 Rd6 {Precision: White = 26%, Black = 51%.} 0-1